[Event "H. C. Andersen Mind Games"]
[Site "?"]
[Date "2012.05.19"]
[Round "7.28"]
[White "Hojland, 1701, Ulrik"]
[Black "Valembois, 1316, Pierre"]
[Result "1-0"]
[BlackElo "1316"]
[WhiteElo "1701"]

1. c4 {[%clk 1:30:55]} e6 {[%clk 1:28:02]} 2. Nc3 {[%clk 1:30:23]} d5
{[%clk 1:27:50]} 3. cxd5 {[%clk 1:30:43]} exd5 {[%clk 1:27:54]} 4. d4
{[%clk 1:28:55]} Nf6 {[%clk 1:26:42]} 5. Bg5 {[%clk 1:28:10]} h6 {[%clk 1:26:47]}
6. Bh4 {[%clk 1:28:06]} Be7 {[%clk 1:26:17]} 7. Nf3 {[%clk 1:27:49]} Bg4
{[%clk 1:26:13]} 8. e3 {[%clk 1:25:11]} Ne4 {[%clk 1:24:44]} 9. Bxe7
{[%clk 1:24:22]} Qxe7 {[%clk 1:24:49]} 10. h3 {[%clk 1:24:05]} Bxf3
{[%clk 1:24:06]} 11. Qxf3 {[%clk 1:23:24]} Nxc3 {[%clk 1:23:31]} 12. bxc3
{[%clk 1:23:42]} O-O {[%clk 1:22:49]} 13. Qxd5 {[%clk 1:23:29]} Qa3 14. Qb3 Qxb3
{[%clk 1:18:24]} 15. axb3 {[%clk 1:22:13]} a6 {[%clk 1:17:22]} 16. Be2
{[%clk 1:22:01]} b5 {[%clk 1:16:40]} 17. O-O {[%clk 1:15:51]} f6 {[%clk 1:16:41]}
18. Ra2 {[%clk 1:15:23]} c6 {[%clk 1:15:49]} 19. e4 {[%clk 1:14:26]} Kh8
{[%clk 1:16:02]} 20. f4 {[%clk 1:13:02]} Nd7 {[%clk 1:14:57]} 21. Bf3
{[%clk 1:11:50]} c5 {[%clk 1:14:25]} 22. e5 {[%clk 1:11:15]} Ra7 {[%clk 1:13:44]}
23. e6 {[%clk 1:11:05]} Nb6 {[%clk 1:11:08]} 24. d5 {[%clk 1:09:01]} c4
{[%clk 1:10:52]} 25. b4 {[%clk 1:08:21]} Na4 {[%clk 1:10:28]} 26. Rc1
{[%clk 1:08:17]} a5 27. bxa5 Nc5 {[%clk 1:07:02]} 28. f5 {[%clk 1:07:08]} Nb3
{[%clk 1:06:48]} 29. Rd1 {[%clk 1:06:32]} Rxa5 {[%clk 1:07:03]} 30. Rxa5
{[%clk 1:06:34]} Nxa5 {[%clk 1:07:24]} 31. e7 {[%clk 1:06:35]} Re8
{[%clk 1:06:52]} 32. d6 {[%clk 1:06:37]} Nb3 {[%clk 1:05:22]} 33. Bc6
{[%clk 1:06:43]} b4 {[%clk 1:02:49]} 34. Bxe8 {[%clk 1:06:51]} bxc3
{[%clk 1:02:32]} 35. Bg6 {[%clk 1:07:12]} c2 36. e8=Q# 1-0

[Event "H. C. Andersen Mindgames"]
[Site "?"]
[Date "2012.05.20"]
[Round "8.1"]
[White "Hagen, 2445, IM Andreas Skytte"]
[Black "Georgiev, 2555, GM Vladimir"]
[Result "1/2-1/2"]
[LiveChessVersion "1.3.1"]
[BlackElo "2555"]
[WhiteElo "2445"]

1. e4 e5 2. Nf3 Nc6 3. Bb5 a6 4. Ba4 Nf6 5. O-O b5 6. Bb3 Bb7 7. d3 Be7 8. a4 O-O
9. Re1 Re8 10. Nbd2 Bf8 11. Nf1 Na5 12. Ba2 c5 13. Bd2 Nc6 14. Ne3 Nd4 15. c3
Nxf3+ 16. Qxf3 c4 17. Nd5 Nxd5 18. exd5 Rc8 19. Bb1 g6 20. dxc4 bxc4 21. g4 Rc5
22. Be4 Qa8 23. Be3 Rxd5 24. Bxd5 Bxd5 25. Qg3 Bf3 26. Bb6 Re6 27. Bc7 e4 28. a5
Qd5 29. Qf4 d6 30. Bb6 Be7 31. Bd4 h5 32. Ra4 Bg5 33. Rb4 f6 34. Qg3 Bd2 35. Re3
Bxg4 36. h3 Bf5 37. Qh4 Kf7 38. Rb6 Qxa5 39. Rb7+ Ke8 40. Bxf6 Bxe3 41. fxe3 Qa1+
42. Kh2 Qd1 43. Bd4 Qe2+ 44. Kh1 Qf3+ 45. Kh2 g5 46. Qg3 h4 47. Qxf3 exf3 48. Rg7
f2 49. Kg2 Bxh3+ 50. Kxf2 g4 51. Rh7 g3+ 52. Kf3 g2 53. Kf2 Rg6 54. Kg1 Bf5 55.
Rxh4 d5 56. Rh8+ Kd7 57. Rh7+ Kc6 58. Rg7 Rxg7 59. Bxg7 Be4 60. Bf8 Kb5 61. Be7
Ka4 62. Bd6 Kb3 63. Ba3 Kc2 64. Kf2 Kc1 65. Kg1 Kd1 66. Kf2 Kd2 67. Bc5 a5 68.
Bb6 a4 69. Bc5 Kd3 70. Bb4 g1=Q+ 71. Kxg1 Kxe3 72. Kf1 Kd3 73. Ba3 Kc2 74. Ke2 d4
75. cxd4 Bd5 76. Ke1 Kb3 77. Kd2 c3+ 78. Kc1 Be4 79. d5 Ka2 80. d6 Bf5 81. d7
Bxd7 82. bxc3 Kxa3 83. Kb1 Be6 84. c4 Bxc4 85. Ka1 Bd3 1/2-1/2

[Event "H. C. Andersen Mindgames"]
[Site "?"]
[Date "2012.05.20"]
[Round "8.2"]
[White "Danielsen, 2498, GM Henrik"]
[Black "Rusev, 2525, GM Krasimir"]
[Result "1-0"]
[LiveChessVersion "1.3.1"]
[BlackElo "2525"]
[WhiteElo "2498"]

1. g3 {[%clk 1:30:56]} d5 {[%clk 1:30:13]} 2. d3 {[%clk 1:30:40]} Nf6
{[%clk 1:27:50]} 3. Bg2 {[%clk 1:30:55]} e6 {[%clk 1:27:22]} 4. Nf3
{[%clk 1:29:27]} Be7 {[%clk 1:27:48]} 5. O-O {[%clk 1:28:35]} c5 {[%clk 1:28:10]}
6. Nbd2 {[%clk 1:25:36]} b5 {[%clk 1:25:25]} 7. e4 {[%clk 1:23:48]} Bb7
{[%clk 1:25:51]} 8. Re1 {[%clk 1:23:45]} Nc6 {[%clk 1:25:29]} 9. exd5
{[%clk 1:13:42]} exd5 {[%clk 1:25:44]} 10. d4 {[%clk 1:13:02]} c4
{[%clk 1:19:35]} 11. Nf1 {[%clk 1:10:23]} O-O {[%clk 1:19:08]} 12. Bg5
{[%clk 1:10:20]} h6 {[%clk 1:15:06]} 13. Bxf6 {[%clk 1:09:36]} Bxf6
{[%clk 1:15:34]} 14. c3 {[%clk 1:07:22]} Qd6 {[%clk 0:48:21]} 15. Ne3
{[%clk 1:02:28]} Rab8 {[%clk 0:43:09]} 16. Qd2 {[%clk 0:59:40]} Qd7
{[%clk 0:33:09]} 17. h4 {[%clk 0:58:24]} h5 {[%clk 0:26:59]} 18. Kh2
{[%clk 0:58:03]} g6 {[%clk 0:27:22]} 19. Bh3 {[%clk 0:57:48]} Qd6
{[%clk 0:27:47]} 20. Ng2 {[%clk 0:58:00]} Bc8 {[%clk 0:24:44]} 21. Qf4
{[%clk 0:56:38]} Qxf4 {[%clk 0:20:00]} 22. Nxf4 {[%clk 0:57:00]} Bxh3
{[%clk 0:19:43]} 23. Kxh3 {[%clk 0:53:55]} Rfd8 {[%clk 0:20:12]} 24. Rad1
{[%clk 0:43:49]} a5 {[%clk 0:18:17]} 25. Nxg6 {[%clk 0:43:00]} fxg6
{[%clk 0:16:10]} 26. Re6 {[%clk 0:43:15]} Nxd4 {[%clk 0:16:31]} 27. Nxd4
{[%clk 0:43:22]} Kf7 {[%clk 0:16:14]} 28. Ra6 {[%clk 0:43:04]} b4
{[%clk 0:09:12]} 29. Nc6 {[%clk 0:40:19]} bxc3 {[%clk 0:09:36]} 30. bxc3
{[%clk 0:40:32]} 1-0

[Event "H. C. Andersen Mindgames"]
[Site "?"]
[Date "2012.05.20"]
[Round "8.4"]
[White "Skytte, 2394, IM Rasmus"]
[Black "Haub, 2476, IM Thorsten Michael"]
[Result "1/2-1/2"]
[LiveChessVersion "1.3.1"]
[BlackElo "2476"]
[WhiteElo "2394"]

1. e4 {[%clk 1:30:54]} g6 {[%clk 1:30:55]} 2. d4 {[%clk 1:31:17]} Bg7
{[%clk 1:31:22]} 3. c4 {[%clk 1:31:40]} d6 {[%clk 1:31:48]} 4. Nc3
{[%clk 1:32:02]} Nd7 {[%clk 1:32:13]} 5. Nf3 {[%clk 1:32:17]} e6 {[%clk 1:32:37]}
6. Be2 {[%clk 1:32:38]} Ne7 {[%clk 1:33:00]} 7. O-O {[%clk 1:32:58]} O-O
{[%clk 1:33:21]} 8. Be3 {[%clk 1:33:10]} h6 {[%clk 1:33:47]} 9. Qd2
{[%clk 1:33:31]} Kh7 {[%clk 1:34:13]} 10. Rad1 {[%clk 1:33:48]} a6
{[%clk 1:22:50]} 11. Rfe1 {[%clk 1:28:46]} Qe8 {[%clk 1:22:42]} 12. Bd3
{[%clk 1:25:38]} c5 {[%clk 1:08:18]} 13. Bc2 {[%clk 1:12:12]} Nc6
{[%clk 1:03:44]} 14. dxc5 {[%clk 1:00:10]} dxc5 {[%clk 1:03:49]} 15. Ba4
{[%clk 0:57:16]} Nb6 {[%clk 1:00:41]} 16. b3 {[%clk 0:54:18]} Bxc3
{[%clk 0:50:45]} 17. Qxc3 {[%clk 0:53:46]} Nxa4 {[%clk 0:51:11]} 18. bxa4
{[%clk 0:54:03]} Qe7 {[%clk 0:50:56]} 19. Qc1 {[%clk 0:52:39]} e5
{[%clk 0:51:12]} 20. Rd5 {[%clk 0:48:27]} Re8 {[%clk 0:44:14]} 21. Bxc5
{[%clk 0:42:46]} Qf6 {[%clk 0:44:32]} 22. Qc3 {[%clk 0:38:46]} 1/2-1/2

[Event "H. C. Andersen Mindgames"]
[Site "?"]
[Date "2012.05.20"]
[Round "8.5"]
[White "Antonsen, 2446, IM Mikkel"]
[Black "Fries-Nielsen, 2363, IM Jens Ove"]
[Result "1/2-1/2"]
[LiveChessVersion "1.3.1"]
[BlackElo "2363"]
[WhiteElo "2446"]

1. d4 {[%clk 1:30:56]} g6 {[%clk 1:26:34]} 2. c4 {[%clk 1:31:13]} Bg7
{[%clk 1:26:38]} 3. e4 {[%clk 1:31:39]} e6 {[%clk 1:26:47]} 4. Nc3
{[%clk 1:31:29]} Ne7 {[%clk 1:26:48]} 5. Nf3 {[%clk 1:21:49]} d5 {[%clk 1:25:50]}
6. e5 {[%clk 1:12:35]} Nbc6 {[%clk 1:25:46]} 7. Be2 {[%clk 1:11:01]} h6
{[%clk 1:23:23]} 8. O-O {[%clk 1:09:56]} O-O {[%clk 1:20:39]} 9. Rb1
{[%clk 1:01:27]} b6 {[%clk 1:18:26]} 10. b4 {[%clk 1:01:23]} dxc4
{[%clk 1:18:37]} 11. Bxc4 {[%clk 1:00:29]} Bb7 {[%clk 1:18:08]} 12. Be3
{[%clk 0:59:36]} a5 {[%clk 1:16:24]} 13. a3 {[%clk 0:57:52]} axb4
{[%clk 1:16:09]} 14. axb4 {[%clk 0:58:18]} Nf5 {[%clk 1:15:33]} 15. Be2
{[%clk 0:54:19]} Nce7 {[%clk 1:12:37]} 16. Qc1 {[%clk 0:48:35]} Nd5
{[%clk 1:11:21]} 17. Nxd5 {[%clk 0:48:04]} Bxd5 {[%clk 1:11:25]} 18. Rd1
{[%clk 0:47:33]} Qe7 {[%clk 1:10:04]} 19. Ne1 {[%clk 0:46:17]} f6
{[%clk 1:01:39]} 20. exf6 {[%clk 0:44:59]} Qxf6 {[%clk 1:01:34]} 21. Bf3
{[%clk 0:44:38]} Ra2 {[%clk 0:59:56]} 22. Bxd5 {[%clk 0:38:58]} exd5
{[%clk 0:59:54]} 23. Nf3 {[%clk 0:39:25]} Kh7 {[%clk 0:52:05]} 24. Rd2
{[%clk 0:32:38]} Rxd2 {[%clk 0:48:00]} 25. Qxd2 {[%clk 0:33:01]} Nd6
{[%clk 0:48:19]} 26. Ne5 {[%clk 0:27:32]} Qf5 {[%clk 0:46:11]} 27. Rc1
{[%clk 0:25:55]} Bxe5 {[%clk 0:33:36]} 28. dxe5 {[%clk 0:26:20]} Nc4
{[%clk 0:33:48]} 29. Qc3 {[%clk 0:26:31]} Ra8 {[%clk 0:29:32]} 30. Bd4
{[%clk 0:26:23]} Ra3 {[%clk 0:28:25]} 31. Qe1 {[%clk 0:26:44]} Qe6
{[%clk 0:24:48]} 32. h3 {[%clk 0:25:02]} Rd3 {[%clk 0:24:22]} 33. Bc3
{[%clk 0:15:52]} d4 {[%clk 0:24:06]} 34. Ba1 {[%clk 0:16:19]} b5 {[%clk 0:14:59]}
35. Rd1 {[%clk 0:14:02]} Qxe5 {[%clk 0:11:31]} 36. Qf1 {[%clk 0:13:52]} Rd2
{[%clk 0:11:28]} 37. Rxd2 {[%clk 0:11:54]} Nxd2 {[%clk 0:11:54]} 38. Qd1
{[%clk 0:12:08]} Nb3 {[%clk 0:03:33]} 1/2-1/2

[Event "H. C. Andersen Mindgames"]
[Site "?"]
[Date "2012.05.20"]
[Round "8.6"]
[White "Maksimenko, 2554, GM Andrei"]
[Black "Bromann, 2411, IM Thorbjorn"]
[Result "1/2-1/2"]
[LiveChessVersion "1.3.1"]
[BlackElo "2411"]
[WhiteElo "2554"]

1. d4 {[%clk 1:30:56]} d5 {[%clk 1:29:28]} 2. c4 {[%clk 1:31:20]} c6
{[%clk 1:29:55]} 3. Nf3 {[%clk 1:29:48]} Nf6 {[%clk 1:30:19]} 4. Nc3
{[%clk 1:28:53]} a6 {[%clk 1:30:43]} 5. cxd5 {[%clk 1:27:59]} cxd5
{[%clk 1:31:06]} 6. Bf4 {[%clk 1:28:27]} Nc6 {[%clk 1:29:29]} 7. Rc1
{[%clk 1:28:44]} e6 {[%clk 1:27:00]} 8. e3 {[%clk 1:25:39]} Bd6 {[%clk 1:25:23]}
9. Ne5 {[%clk 1:00:45]} Bxe5 {[%clk 1:07:53]} 10. Bxe5 {[%clk 1:00:24]} Nxe5
{[%clk 1:07:55]} 11. dxe5 {[%clk 1:00:49]} Nd7 {[%clk 1:08:03]} 12. f4
{[%clk 0:57:05]} O-O {[%clk 1:01:58]} 13. Be2 {[%clk 0:51:57]} Qb6
{[%clk 0:54:21]} 14. Qd2 {[%clk 0:51:18]} f6 {[%clk 0:54:20]} 15. Na4
{[%clk 0:48:22]} Qd8 {[%clk 0:53:13]} 16. exf6 {[%clk 0:46:39]} Nxf6
{[%clk 0:52:29]} 17. O-O {[%clk 0:45:04]} Bd7 {[%clk 0:45:32]} 18. Nc5
{[%clk 0:45:00]} Qb6 {[%clk 0:45:18]} 19. Qd4 {[%clk 0:10:57]} Rfc8
{[%clk 0:33:29]} 20. Nxd7 {[%clk 0:06:57]} Qxd4 {[%clk 0:20:52]} 21. exd4
{[%clk 0:07:26]} Nxd7 {[%clk 0:21:16]} 22. Bg4 {[%clk 0:07:53]} Nf8
{[%clk 0:13:53]} 23. f5 {[%clk 0:07:42]} exf5 {[%clk 0:11:43]} 24. Bxf5
{[%clk 0:07:42]} Re8 {[%clk 0:11:56]} 25. Rc7 {[%clk 0:07:44]} Rab8
{[%clk 0:12:13]} 26. Bg4 {[%clk 0:03:59]} Re4 {[%clk 0:10:00]} 27. h3
{[%clk 0:02:52]} Rxd4 {[%clk 0:08:49]} 28. Rff7 {[%clk 0:03:17]} g6
{[%clk 0:09:07]} 29. Rg7+ {[%clk 0:03:22]} Kh8 {[%clk 0:09:35]} 30. Rxb7
{[%clk 0:03:46]} Rb4 {[%clk 0:08:56]} 31. Rxb8 {[%clk 0:03:02]} Rxb8
{[%clk 0:09:24]} 32. Rf7 {[%clk 0:02:22]} Kg8 {[%clk 0:08:58]} 33. Rf2
{[%clk 0:02:47]} Kg7 {[%clk 0:03:29]} 34. Rd2 {[%clk 0:02:13]} Rd8
{[%clk 0:03:57]} 35. Be2 {[%clk 0:02:00]} Rd6 {[%clk 0:04:10]} 36. b4
{[%clk 0:01:12]} Kf6 {[%clk 0:03:38]} 37. Kf2 {[%clk 0:01:37]} Ke5
{[%clk 0:03:49]} 38. a4 {[%clk 0:01:29]} Rb6 {[%clk 0:02:16]} 39. b5
{[%clk 0:01:17]} axb5 {[%clk 0:02:41]} 40. a5 {[%clk 0:01:22]} Rb8
{[%clk 0:01:48]} 41. Bf3 {[%clk 0:01:22]} Rd8 {[%clk 0:00:50]} 42. Rb2
{[%clk 0:01:45]} Ne6 {[%clk 0:00:35]} 43. Rxb5 {[%clk 0:01:50]} Nd4
{[%clk 0:00:51]} 44. Rb7 {[%clk 0:02:16]} Ra8 {[%clk 0:00:44]} 45. Re7+
{[%clk 0:02:25]} Kf6 {[%clk 0:00:40]} 46. Bxd5 {[%clk 0:01:49]} Rxa5
{[%clk 0:00:48]} 47. Rd7 {[%clk 0:01:48]} h6 {[%clk 0:00:40]} 48. Be4
{[%clk 0:00:40]} Ne6 {[%clk 0:00:48]} 49. Bf3 {[%clk 0:00:35]} 1/2-1/2

[Event "H. C. Andersen Mindgames"]
[Site "?"]
[Date "2012.05.20"]
[Round "8.7"]
[White "Smith, 2483, IM Axel"]
[Black "Jacobsen, 2337, Bo"]
[Result "1-0"]
[LiveChessVersion "1.3.1"]
[BlackElo "2337"]
[WhiteElo "2483"]

1. Nf3 {[%clk 1:30:58]} Nf6 {[%clk 1:30:20]} 2. c4 {[%clk 1:31:15]} g6
{[%clk 1:30:38]} 3. g3 {[%clk 1:31:40]} Bg7 {[%clk 1:30:08]} 4. Bg2
{[%clk 1:32:09]} O-O {[%clk 1:30:31]} 5. O-O {[%clk 1:32:37]} d6 {[%clk 1:30:20]}
6. Nc3 {[%clk 1:33:04]} Nc6 {[%clk 1:30:45]} 7. Rb1 {[%clk 1:31:24]} Bf5
{[%clk 1:28:22]} 8. d3 {[%clk 1:31:34]} Qd7 {[%clk 1:28:39]} 9. Re1
{[%clk 1:23:18]} Rae8 {[%clk 1:27:03]} 10. Nd5 {[%clk 1:09:50]} Nh5
{[%clk 1:16:08]} 11. b4 {[%clk 1:06:51]} a6 {[%clk 1:10:09]} 12. a4
{[%clk 1:06:29]} e5 {[%clk 0:48:54]} 13. b5 {[%clk 1:00:16]} axb5
{[%clk 0:49:17]} 14. axb5 {[%clk 1:00:42]} Ne7 {[%clk 0:47:48]} 15. Nh4
{[%clk 0:53:12]} Nxd5 {[%clk 0:37:46]} 16. Bxd5 {[%clk 0:53:29]} Rb8
{[%clk 0:38:02]} 17. Nxf5 {[%clk 0:53:00]} Qxf5 {[%clk 0:38:21]} 18. Bb2
{[%clk 0:42:33]} Nf6 {[%clk 0:35:42]} 19. Bg2 {[%clk 0:42:44]} h5
{[%clk 0:33:15]} 20. h3 {[%clk 0:35:07]} Nd7 {[%clk 0:28:43]} 21. Ba3
{[%clk 0:32:38]} Rfd8 {[%clk 0:26:57]} 22. Qd2 {[%clk 0:30:39]} Nf8
{[%clk 0:25:34]} 23. Ra1 {[%clk 0:23:09]} Ne6 {[%clk 0:24:03]} 24. Bc1
{[%clk 0:23:32]} Nd4 {[%clk 0:18:51]} 25. Ra7 {[%clk 0:23:44]} c6
{[%clk 0:14:54]} 26. Qg5 {[%clk 0:18:43]} cxb5 {[%clk 0:09:50]} 27. Qxf5
{[%clk 0:19:10]} gxf5 {[%clk 0:10:09]} 28. cxb5 {[%clk 0:19:03]} Nxb5
{[%clk 0:10:00]} 29. Rxb7 {[%clk 0:19:28]} Rxb7 {[%clk 0:09:24]} 30. Bxb7
{[%clk 0:19:57]} Kh7 {[%clk 0:08:19]} 31. e4 {[%clk 0:12:39]} Nd4
{[%clk 0:08:06]} 32. exf5 {[%clk 0:11:38]} d5 {[%clk 0:08:28]} 33. Kg2
{[%clk 0:11:58]} Nxf5 {[%clk 0:08:51]} 34. Bb2 {[%clk 0:09:28]} Rb8
{[%clk 0:05:49]} 35. Bxd5 {[%clk 0:09:54]} Nh4+ {[%clk 0:06:14]} 36. gxh4
{[%clk 0:10:14]} Rxb2 {[%clk 0:04:22]} 37. Bxf7 {[%clk 0:10:40]} Bf6
{[%clk 0:02:04]} 38. Bxh5 {[%clk 0:08:26]} Bxh4 {[%clk 0:02:25]} 39. Rxe5
{[%clk 0:07:29]} Rxf2+ {[%clk 0:02:48]} 40. Kg1 {[%clk 0:07:56]} Rd2
{[%clk 0:02:43]} 41. Be2 {[%clk 0:07:40]} Kg6 {[%clk 0:01:50]} 42. Kg2
{[%clk 0:07:51]} Rb2 {[%clk 0:01:43]} 43. Re4 {[%clk 0:08:06]} Bf6
{[%clk 0:01:03]} 44. h4 {[%clk 0:04:39]} Bxh4 {[%clk 0:00:47]} 45. Rxh4
{[%clk 0:05:08]} Rxe2+ {[%clk 0:01:09]} 46. Kf3 {[%clk 0:05:37]} Re7
{[%clk 0:00:00]} 1-0

[Event "H. C. Andersen Mindgames"]
[Site "?"]
[Date "2012.05.20"]
[Round "8.8"]
[White "Bonnelykke, 2027, Ole"]
[Black "Carlstedt, 2354, IM Jonathan"]
[Result "0-1"]
[LiveChessVersion "1.3.1"]
[BlackElo "2354"]
[WhiteElo "2027"]

1. e4 {[%clk 1:31:00]} e6 {[%clk 1:28:26]} 2. d4 {[%clk 1:30:34]} d5
{[%clk 1:28:43]} 3. Nc3 {[%clk 1:28:41]} Nf6 {[%clk 1:29:00]} 4. e5
{[%clk 1:28:56]} Nfd7 {[%clk 1:29:21]} 5. f4 {[%clk 1:29:09]} c5 {[%clk 1:29:18]}
6. Nf3 {[%clk 1:29:21]} Nc6 {[%clk 1:29:26]} 7. Be3 {[%clk 1:29:03]} f6
{[%clk 1:26:26]} 8. Qd2 {[%clk 1:22:30]} fxe5 {[%clk 1:16:49]} 9. fxe5
{[%clk 1:22:12]} cxd4 {[%clk 1:17:08]} 10. Bxd4 {[%clk 1:18:34]} Nxd4
{[%clk 1:17:23]} 11. Qxd4 {[%clk 1:18:54]} Qb6 {[%clk 1:15:49]} 12. Bb5
{[%clk 1:13:04]} Qxd4 {[%clk 1:11:28]} 13. Nxd4 {[%clk 1:13:22]} Ke7
{[%clk 1:11:51]} 14. O-O {[%clk 1:10:02]} g6 {[%clk 1:11:07]} 15. Na4
{[%clk 0:55:22]} Nxe5 {[%clk 1:10:02]} 16. Rae1 {[%clk 0:55:14]} Bg7
{[%clk 1:09:09]} 17. Nc5 {[%clk 0:51:04]} a6 {[%clk 1:08:59]} 18. Ba4
{[%clk 0:50:01]} b5 {[%clk 1:09:11]} 19. Bb3 {[%clk 0:50:05]} Kd6
{[%clk 1:09:31]} 20. Rxe5 {[%clk 0:38:27]} Bxe5 {[%clk 1:08:54]} 21. Nf3
{[%clk 0:38:20]} Bxb2 {[%clk 1:09:01]} 22. Nd3 {[%clk 0:37:45]} Bf6
{[%clk 1:09:22]} 23. Re1 {[%clk 0:37:14]} Rf8 {[%clk 1:08:52]} 0-1

[Event "H. C. Andersen Mindgames"]
[Site "?"]
[Date "2012.05.20"]
[Round "8.9"]
[White "Hansen, 2302, FM Mads"]
[Black "Fries-Nielsen, 2326, Niels Jorgen"]
[Result "1-0"]
[LiveChessVersion "1.3.1"]
[BlackElo "2326"]
[WhiteElo "2302"]

1. e4 {[%clk 1:30:57]} g6 {[%clk 1:26:37]} 2. d4 {[%clk 1:31:04]} Bg7
{[%clk 1:27:06]} 3. Nf3 {[%clk 1:31:15]} d6 {[%clk 1:26:56]} 4. Bc4
{[%clk 1:31:29]} c6 {[%clk 1:25:35]} 5. Bb3 {[%clk 1:31:10]} Nf6 {[%clk 1:25:39]}
6. Nbd2 {[%clk 1:31:00]} O-O {[%clk 1:25:45]} 7. O-O {[%clk 1:30:26]} Na6
{[%clk 1:25:20]} 8. Re1 {[%clk 1:28:28]} Nc7 {[%clk 1:24:17]} 9. c3
{[%clk 1:28:17]} h6 {[%clk 1:14:33]} 10. a4 {[%clk 1:22:59]} Nh5 {[%clk 1:10:46]}
11. Nf1 {[%clk 1:13:36]} e5 {[%clk 1:08:10]} 12. Be3 {[%clk 1:13:25]} Qf6
{[%clk 1:06:34]} 13. h3 {[%clk 0:57:13]} Nf4 {[%clk 0:59:26]} 14. N1h2
{[%clk 0:53:37]} h5 {[%clk 0:57:04]} 15. Qd2 {[%clk 0:50:19]} g5 {[%clk 0:50:49]}
16. Kh1 {[%clk 0:43:10]} Nce6 {[%clk 0:43:01]} 17. Bc4 {[%clk 0:35:27]} Qg6
{[%clk 0:40:31]} 18. Bf1 {[%clk 0:32:39]} f5 {[%clk 0:31:10]} 19. exf5
{[%clk 0:32:29]} Qxf5 {[%clk 0:31:10]} 20. dxe5 {[%clk 0:27:09]} dxe5
{[%clk 0:31:25]} 21. Rad1 {[%clk 0:22:45]} Bf6 {[%clk 0:29:31]} 22. Bxf4
{[%clk 0:16:54]} Nxf4 {[%clk 0:28:53]} 23. g3 {[%clk 0:15:58]} e4
{[%clk 0:24:53]} 24. Ng1 {[%clk 0:12:17]} Nd3 {[%clk 0:18:51]} 25. Bxd3
{[%clk 0:12:33]} exd3 {[%clk 0:19:14]} 26. Qxd3 {[%clk 0:12:07]} Qxd3
{[%clk 0:18:46]} 27. Rxd3 {[%clk 0:12:35]} Bf5 {[%clk 0:18:32]} 28. Rde3
{[%clk 0:09:48]} Bc2 {[%clk 0:16:35]} 29. a5 {[%clk 0:09:58]} Bb3
{[%clk 0:16:13]} 30. Nhf3 {[%clk 0:10:00]} Rad8 {[%clk 0:16:03]} 31. Ne2
{[%clk 0:09:49]} c5 {[%clk 0:15:45]} 32. Kg1 {[%clk 0:07:25]} Rfe8
{[%clk 0:10:32]} 33. h4 {[%clk 0:05:40]} Rxe3 {[%clk 0:10:23]} 34. fxe3
{[%clk 0:06:08]} g4 {[%clk 0:08:10]} 35. Ng5 {[%clk 0:05:58]} Be5
{[%clk 0:07:04]} 36. Ne4 {[%clk 0:05:53]} b6 {[%clk 0:05:37]} 37. axb6
{[%clk 0:05:54]} axb6 {[%clk 0:06:06]} 38. Nf4 {[%clk 0:06:01]} Bc2
{[%clk 0:05:51]} 39. Nf2 {[%clk 0:05:08]} Rd2 {[%clk 0:05:00]} 40. Nxh5
{[%clk 0:05:16]} Bf5 {[%clk 0:04:52]} 41. Rd1 {[%clk 0:03:40]} Rxd1+
{[%clk 0:04:08]} 42. Nxd1 {[%clk 0:04:08]} b5 {[%clk 0:04:20]} 43. Nf2
{[%clk 0:02:34]} b4 {[%clk 0:04:24]} 44. e4 {[%clk 0:02:35]} bxc3
{[%clk 0:04:23]} 45. bxc3 {[%clk 0:02:49]} Bd7 {[%clk 0:03:49]} 46. Nd3
{[%clk 0:02:53]} Bxc3 {[%clk 0:04:11]} 47. Nxc5 {[%clk 0:03:06]} Bd4+
{[%clk 0:04:31]} 48. Kh2 {[%clk 0:03:25]} Bc6 {[%clk 0:04:11]} 49. Ne6
{[%clk 0:03:20]} Be5 {[%clk 0:04:20]} 50. Ng5 {[%clk 0:03:22]} Kf8
{[%clk 0:04:24]} 51. Nf4 {[%clk 0:03:27]} Kg7 {[%clk 0:03:55]} 52. Kg1
{[%clk 0:02:48]} Bd4+ {[%clk 0:03:49]} 53. Kf1 {[%clk 0:03:03]} Kf6
{[%clk 0:03:28]} 54. Ke2 {[%clk 0:01:25]} Bb5+ {[%clk 0:03:41]} 55. Ke1
{[%clk 0:01:25]} Bc3+ {[%clk 0:03:20]} 56. Kf2 {[%clk 0:01:41]} Bd4+
{[%clk 0:03:47]} 57. Ke1 {[%clk 0:02:10]} Bc3+ {[%clk 0:04:14]} 58. Kd1
{[%clk 0:02:20]} Bd4 {[%clk 0:04:12]} 59. Nd5+ {[%clk 0:02:08]} Kg6
{[%clk 0:03:26]} 60. Ke1 {[%clk 0:02:06]} Bc4 {[%clk 0:03:00]} 61. Ne6
{[%clk 0:02:13]} Be5 {[%clk 0:03:03]} 62. Kf2 {[%clk 0:02:34]} Kf7
{[%clk 0:03:04]} 63. Nef4 {[%clk 0:02:17]} Bd4+ {[%clk 0:03:17]} 64. Ke1
{[%clk 0:02:33]} Be5 {[%clk 0:02:32]} 65. Ne3 {[%clk 0:02:51]} Bc3+
{[%clk 0:02:59]} 66. Kd1 {[%clk 0:02:47]} Bb3+ {[%clk 0:03:18]} 67. Ke2
{[%clk 0:03:16]} Bd4 {[%clk 0:03:20]} 68. Nxg4 {[%clk 0:03:36]} Bc2
{[%clk 0:03:48]} 69. Nd3 {[%clk 0:03:18]} Kg6 {[%clk 0:03:55]} 70. Ngf2
{[%clk 0:03:33]} Kh5 {[%clk 0:04:08]} 71. Kf3 {[%clk 0:03:53]} 1-0

[Event "H. C. Andersen Mindgames"]
[Site "?"]
[Date "2012.05.20"]
[Round "8.10"]
[White "Ochsner, 2285, Bjorn Moller"]
[Black "Hauge, 2071, Lars Oskar"]
[Result "1/2-1/2"]
[LiveChessVersion "1.3.1"]
[BlackElo "2071"]
[WhiteElo "2285"]

1. e4 {[%clk 1:30:57]} c5 {[%clk 1:30:18]} 2. Nf3 {[%clk 1:31:06]} e6
{[%clk 1:30:42]} 3. d4 {[%clk 1:31:11]} cxd4 {[%clk 1:31:06]} 4. Nxd4
{[%clk 1:31:35]} a6 {[%clk 1:31:32]} 5. Bd3 {[%clk 1:31:11]} Bc5 {[%clk 1:31:55]}
6. Nb3 {[%clk 1:30:49]} Ba7 {[%clk 1:32:19]} 7. Nc3 {[%clk 1:26:08]} Nc6
{[%clk 1:32:22]} 8. Qe2 {[%clk 1:23:56]} Qc7 {[%clk 1:30:11]} 9. a4
{[%clk 1:18:07]} Nge7 {[%clk 1:27:18]} 10. O-O {[%clk 1:17:44]} O-O
{[%clk 1:21:58]} 11. Be3 {[%clk 1:11:24]} Bxe3 {[%clk 1:19:43]} 12. Qxe3
{[%clk 1:11:46]} Nb4 {[%clk 1:16:46]} 13. e5 {[%clk 1:06:07]} Nxd3
{[%clk 1:15:39]} 14. cxd3 {[%clk 1:05:15]} d6 {[%clk 1:15:32]} 15. Rac1
{[%clk 1:04:54]} Nf5 {[%clk 1:11:08]} 16. exd6 {[%clk 0:54:10]} Qxd6
{[%clk 1:10:59]} 1/2-1/2